[Event "Hamburg St Pauli op-B"]
[Site "Hamburg"]
[Date "2013.07.10"]
[Round "5"]
[White "Rogozenco, Teodora Nana"]
[Black "Duemmke, Jens"]
[Result "1-0"]
[WhiteElo "1828"]
[BlackElo "1704"]
[PlyCount "117"]
[EventDate "2013.07.06"]
[EventType "swiss"]
[EventRounds "9"]
[EventCountry "GER"]
[SourceTitle "EXT 2014"]
[Source "ChessBase"]
[SourceDate "2013.11.20"]
[SourceVersion "1"]
[SourceVersionDate "2013.11.20"]
[SourceQuality "1"]

1. d4 Nf6 2. c4 g6 3. Nf3 Bg7 4. g3 c6 5. Bg2 d5 6. Nbd2 0-0 7. 0-0 Nbd7 8. b3 e6 9. Bb2 b6 10. Rc1 Bb7 11. Re1 Rc8 12. e3 c5 13. Ba3 Re8 14. cxd5 exd5 15. dxc5 bxc5 16. b4 cxb4 17. Rxc8 Qxc8 18. Bxb4 Ne4 19. Qa4 a6 20. Nb3 Nb6 21. Qa3 Qc2 22. Nfd2 Bb2 23. Qa5 Qc6 24. Rb1 Nxd2 25. Nxd2 Bf6 26. Ba3 Bd8 27. Qb4 Qd7 28. Qd4 Qe6 29. Bc5 Bf6 30. Qb4 Nd7 31. Qxb7 Nxc5 32. Bxd5 Nxb7 33. Bxe6 Rxe6 34. Rxb7 Bc3 35. Nf3 h6 36. Kg2 Kg7 37. Rc7 Ba1 38. Rc1 Bf6 39. Rc7 Rd6 40. Ra7 Bc3 41. Rc7 Bf6 42. Rc5 Ba1 43. Rc1 Bb2 44. Rb1 Bf6 45. Rc1 Bb2 46. Rc2 Ba1 47. Kf1 Bf6 48. Ke2 Kf8 49. Ne1 Bd8 50. Rd2 Ke7 51. Rxd6 Kxd6 52. Kd3 f5 53. Nf3 Ba5 54. Nh4 Kc5 55. Nxg6 Kb4 56. Kc2 Kc4 57. Ne7 Be1 58. f3 Bf2 59. Nxf5 1-0

[Event "Hamburg St Pauli op-B"]
[Site "Hamburg"]
[Date "2011.07.09"]
[Round "1"]
[White "Indinger, Alexander"]
[Black "Duemmke, Jens"]
[Result "1/2-1/2"]
[WhiteElo "1833"]
[BlackElo "1606"]
[PlyCount "39"]
[EventDate "2011.07.09"]
[EventType "swiss"]
[EventRounds "9"]
[EventCountry "GER"]
[SourceTitle "CBM 143 Extra"]
[Source "ChessBase"]
[SourceDate "2011.08.29"]
[SourceVersion "1"]
[SourceVersionDate "2011.08.29"]
[SourceQuality "1"]

1. e4 d5 2. exd5 Nf6 3. d4 Nxd5 4. c4 Nb6 5. Nc3 g6 6. Nf3 Bg7 7. h3 0-0 8. Be2 Nc6 9. Be3 e5 10. dxe5 Nxe5 11. Nxe5 Bxe5 12. 0-0 Be6 13. c5 Nc4 14. Bxc4 Bxc4 15. Re1 Bxc3 16. bxc3 Qxd1 17. Raxd1 f5 18. Rd7 Rf7 19. Red1 Be6 20. Rxf7 1/2-1/2

[Event "Bahn-chH"]
[Site "Bad Wildungen"]
[Date "2000.09.27"]
[Round "4"]
[White "Osten, Horst"]
[Black "Duemmke, Jens"]
[Result "1-0"]
[WhiteElo "1470"]
[BlackElo "1200"]
[PlyCount "71"]
[EventDate "2000.09.24"]
[EventType "swiss"]
[EventRounds "7"]
[EventCountry "GER"]
[SourceTitle "EXT 2003"]
[Source "ChessBase"]
[SourceDate "2002.11.25"]
[SourceVersion "1"]
[SourceVersionDate "2002.11.25"]
[SourceQuality "1"]

1. d4 Nf6 2. c4 c5 3. e3 e6 4. Nf3 Nc6 5. Nc3 g6 6. dxc5 a6 7. a3 Bxc5 8. b4 Bf8 9. Bb2 Bg7 10. Qc2 0-0 11. Be2 Re8 12. 0-0 d6 13. Rad1 Qc7 14. Rd2 Ne7 15. Rfd1 Rd8 16. e4 Qc6 17. e5 Ne8 18. exd6 Nxd6 19. c5 Nd5 20. Nxd5 exd5 21. Bxg7 Kxg7 22. Qb2+ f6 23. cxd6 Rxd6 24. Rc1 Qb6 25. Nd4 Qd8 26. Rdc2 Bf5 27. Nxf5+ gxf5 28. Bh5 Rc6 29. Rxc6 bxc6 30. Rxc6 Rc8 31. Qc3 Rxc6 32. Qxc6 Qe7 33. Qc3 Qe5 34. Qxe5 fxe5 35. Be2 d4 36. Bxa6 1-0

[Event "Bahn-chH"]
[Site "Bad Wildungen"]
[Date "2000.09.25"]
[Round "2"]
[White "Haser, Claudia"]
[Black "Duemmke, Jens"]
[Result "1-0"]
[WhiteElo "1795"]
[BlackElo "1200"]
[PlyCount "95"]
[EventDate "2000.09.24"]
[EventType "swiss"]
[EventRounds "7"]
[EventCountry "GER"]
[SourceTitle "EXT 2003"]
[Source "ChessBase"]
[SourceDate "2002.11.25"]
[SourceVersion "1"]
[SourceVersionDate "2002.11.25"]
[SourceQuality "1"]

1. e4 c5 2. Nf3 d6 3. d4 cxd4 4. Nxd4 Nf6 5. Nc3 g6 6. Bc4 Bg7 7. Bb3 0-0 8. 0-0 Nbd7 9. Kh1 a6 10. f3 Qc7 11. Be3 e5 12. Nde2 Nc5 13. Nd5 Nxd5 14. Bxd5 Rb8 15. Nc3 b5 16. a3 Nd7 17. Rc1 Nf6 18. Bb3 Bb7 19. Qe1 Rfd8 20. Bg5 Rd7 21. Qh4 Ne8 22. Rfd1 Kh8 23. Bd5 f6 24. Be3 Qd8 25. Qf2 Ba8 26. Ba7 Rc8 27. Be6 Rxa7 28. Qxa7 Rb8 29. Bd5 Nc7 30. Bxa8 Rxa8 31. Qe3 Bf8 32. Nd5 Nxd5 33. Rxd5 Rc8 34. c3 Rc6 35. Qe2 Qa5 36. h3 Kg7 37. c4 Qb6 38. Rdd1 Kf7 39. cxb5 axb5 40. Rxc6 Qxc6 41. Rd5 Qc4 42. Qd2 Ke6 43. Rd3 Be7 44. Rc3 Qd4 45. Qh6 b4 46. axb4 Qxb4 47. Qxh7 Qa5 48. Qg8+ 1-0